| 000 | 00536nam a22002057a 4500 | ||
|---|---|---|---|
| 003 | OSt | ||
| 005 | 20140310184501.0 | ||
| 008 | 131012t xxu||||| |||| 00| 0 eng d | ||
| 020 | _a978043968584 | ||
| 050 |
_aPZ 7 _b.B146Ki 2004 |
||
| 100 |
_aBaglio, Ben _928690 |
||
| 245 |
_aKitten in the candy corn / _cBen Baglio. |
||
| 260 |
_aNew York : _bScholastic Inc., _c2004. |
||
| 300 |
_a141 p. : _c21 cm. |
||
| 521 | _aG5 | ||
| 526 | _c730 | ||
| 650 |
_aKitten _xJuvenile Fiction _928691 |
||
| 942 |
_2lcc _cBK-SCHOLAS |
||
| 999 |
_c34748 _d34748 |
||